000 00402nam a22001577a 4500
020 _a9788197841576
082 _aM 797.14
_bDEE/V
100 _aDeepu P. Kurup
245 _aVallamkali:
_bcharithravum varthamanavum/
_cby Deepu P. Kurup
260 _aKozhikode:
_bPavanatma Publishers,
_c2024.
300 _a79p.
650 _aVallamkali
650 _aAquatic Sports
650 _aArts
942 _cBK
999 _c182055
_d182055